Beyond text? : critical practices and sensory anthropology /

Bibliographic Details
Other Authors: Cox, Rupert A. (Editor), Irving, Andrew, 1966- (Editor), Wright, Christopher (Christopher J.) (Editor)
Format: Video DVD
Language:English
Published: Manchester : Manchester University Press, [2016]
Subjects:

MARC

Tag First Indicator Second Indicator Subfields
LEADER 00000cam a2200000Ii 4500
001 in00003733621
005 20170926145458.0
006 g--- vl
007 vd cvaiz|
008 141114t20162016enka bkq 001 0 eng d
020 |a 0719085055  |q (hbk) 
020 |a 9780719085055  |q (hbk) 
035 |a (OCoLC)ocn895337645 
040 |a YDXCP  |e rda  |c YDXCP  |d BWK  |d BDX  |d ZCU  |d UAB  |d GZM  |d UtOrBLW 
049 |a TXAM 
050 4 |a GN347  |b .B49 2016 
245 0 0 |a Beyond text? :  |b critical practices and sensory anthropology /  |c edited by Rupert Cox, Andrew Irving and Christopher Wright. 
264 1 |a Manchester :  |b Manchester University Press,  |c [2016] 
264 4 |c ©2016 
300 |a xvii, 218 pages :  |b illustrations ;  |c 25 cm +  |e 1 CD-ROM (4 3/4 in.). 
336 |3 book  |a text  |b txt  |2 rdacontent 
336 |3 DVD  |a three-dimensional moving image  |b tdm  |2 rdacontent 
337 |3 book  |a unmediated  |b n  |2 rdamedia 
337 |3 DVD  |a video  |b v  |2 rdamedia 
338 |3 book  |a volume  |b nc  |2 rdacarrier 
338 |3 DVD  |a videodisc  |b vd  |2 rdacarrier 
500 |a Accompanying CD-ROM includes video and audio files. 
500 |a Based on contributions to the conference "Beyond Text" held in 2007 at the University of Manchester. 
504 |a Includes bibliographical references, filmography, discography and index. 
505 0 0 |a Machine generated contents note:  |g 1.  |t Appropriations across disciplines: the future of art and anthropology collaborations /  |r Arnd Schneider --  |t Photo-essays --  |g 2.  |t Spiti: some notes on the practice of documentary photography /  |r Patrick Sutherland --  |g 3.  |t Random Manhattan: thinking and moving beyond text /  |r Andrew Irving --  |g 4.  |t Exile, the sorrow of time and place /  |r Lydia Nakashima Degarrod --  |g 5.  |t Boru-vedak (a work of lies): looking for Libeskind in Sri Lanka /  |r James Thompson --  |t Sound --  |g 6.  |t saving face of death: anthropology and the scene of knowing /  |r Paul Carter --  |g 7.  |t Transplant /  |r Tim Wainwright --  |g 8.  |t Ochlophonic Study: Hong Kong /  |r John Levack Drever --  |g 9.  |t Castaways Project /  |r Virginia Ryan --  |g 10.  |t Air Pressure: a sound film /  |r Rupert Cox --  |g 11.  |t Sounds from Dangerous Places: Chernobyl /  |r Peter Cusack --  |g 12.  |t Contest Behaviour /  |r Louise K. Wilson --  |t Film --  |g 13.  |t Films about ordinary people: the Japanese home drama and virtual ethnography /  |r Catherine Russell --  |g 14.  |t Balkan Rhapsodies: 78 Measures of War /  |r Jeff Daniel Silva --  |g 15.  |t Sweetgrass: `Baaaaaaah. Bleeeeeeet' /  |r Lucien Castaing-Taylor --  |g 16.  |t Cottonopolis: cinematography ethnography, historiography and texture /  |r Cathy Greenhalgh --  |g 17.  |t Christmas with Wawa: a video experiment with Yolngu aesthetics /  |r Jennifer Deger --  |t Sensory anthropology and critical practice --  |g 18.  |t Sensing cultures: cinema, ethnography and the senses /  |r David Howes --  |g 19.  |t After cultural theory: the power of images, the lure of immediacy /  |r Janet Wolff. 
650 0 |a Visual anthropology.  |0 http://id.loc.gov/authorities/subjects/sh93005976 
650 0 |a Sensory evaluation.  |0 http://id.loc.gov/authorities/subjects/sh85082084 
650 0 |a Senses and sensation.  |0 http://id.loc.gov/authorities/subjects/sh85120047 
700 1 |a Cox, Rupert A.,  |e editor.  |0 http://id.loc.gov/authorities/names/no2003007722 
700 1 |a Irving, Andrew,  |d 1966-  |e editor.  |0 http://id.loc.gov/authorities/names/no2016088514 
700 1 |a Wright, Christopher  |q (Christopher J.),  |e editor.  |0 http://id.loc.gov/authorities/names/no2011030239 
945 |b 792968 
947 |a A14843448797 
948 |a cataloged  |b h  |c 2016/10/4  |d c  |e dmitchel  |f 12:30:20 pm 
994 |a 92  |b TXA 
999 f f |s 57362536-8af8-3c89-86dc-5397e840131c  |i 907ad3a0-1325-3b55-8bd9-a6b5098bbc6f  |t 0 
952 f f |p normal  |a Texas A&M University  |b College Station  |c Sterling C. Evans Library  |d Evans: Library Stacks  |t 0  |e GN347 .B49 2016  |h Library of Congress classification  |i video -- videodisc  |m A14843448797 
998 f f |a GN347 .B49 2016  |t 0  |l Evans: Library Stacks